000 00474nam a2200181Ia 4500
008 240925s9999 xx 000 0 und d
020 _a750629258
082 _a004 HOL
100 _aHolland, Robin
245 0 _aElectronics and Microcomputers
250 _aNA
260 _aBoston:
_bNewnes
_c,1996.
300 _a298p.
_bNA
_fOriginal
500 _aIncludes Index
600 _aComputer Science
650 _aComputer science, information & general works
942 _cBK
999 _c3534
_d3534